Online
Catalog

Enciclopedia hispánica : (Record no. 16528)

MARC details
000 -CABECERA
campo de control de longitud fija 00712nam a2200205 a 4500
001 - NÚMERO DE CONTROL
campo de control 000017000
005 - FECHA Y HORA DE LA ÚLTIMA TRANSACCIÓN
campo de control 20240731082000.0
008 - DATOS DE LONGITUD FIJA--INFORMACIÓN GENERAL
campo de control de longitud fija 100312s2001 sp bc 001 0 spa d
020 ## - NÚMERO INTERNACIONAL ESTÁNDAR DEL LIBRO
Número Internacional Estándar del Libro 1564090469
040 ## - FUENTE DE LA CATALOGACIÓN
Centro catalogador/agencia de origen DO-SdBNP
Lengua de catalogación spa
Centro/agencia transcriptor BNPHU
082 ## - NÚMERO DE LA CLASIFICACIÓN DECIMAL DEWEY
Número de clasificación R 036
Número de documento/Ítem E56h, 2001
245 00 - MENCIÓN DE TÍTULO
Título Enciclopedia hispánica :
Resto del título datapedia y atlas.
250 ## - MENCIÓN DE EDICIÓN
Mención de edición 2a ed.
260 ## - PUBLICACIÓN, DISTRIBUCIÓN, ETC.
Lugar de publicación, distribución, etc. Barcelona, España :
Nombre del editor, distribuidor, etc. Barsa Planeta,
Fecha de publicación, distribución, etc. 2001.
300 ## - DESCRIPCIÓN FÍSICA
Extensión 134 p. :
Otras características físicas mapas., retrs. ;
Dimensiones 29 cm.
500 ## - NOTA GENERAL
Nota general Incluye índice de tablas
500 ## - NOTA GENERAL
Nota general Reimpresiones actualizadas en 1990-1991, 1991-1992, 1992-1993, 1994-1995, 1995-1996, 1999, 2000
650 #0 - PUNTO DE ACCESO ADICIONAL DE MATERIA--TÉRMINO DE MATERIA
Término de materia o nombre geográfico como elemento de entrada Enciclopedias y diccionarios
9 (RLIN) 2045
910 ## - DATOS DE OPCIÓN DEL USUARIO (OCLC)
Datos de opción del usuario Validado. Control de calidad MMOLINA
Holdings
Estado de retiro Estado de pérdida Restricciones de uso No para préstamo Código de colección Localización permanente Ubicación/localización actual Ubicación en estantería Fecha de adquisición Número de inventario Total de préstamos Signatura topográfica completa Código de barras Fecha visto por última vez Precio válido a partir de Tipo de ítem Koha
      Excluido de préstamo Monografías: Libros y Folletos R R Depósito 12.03.2010 LF1   R 036 E56h, 2001 | v. 1 17000-10 25.06.2020 25.06.2020 No se presta

Powered by Koha